Name the US State by Sport Team Logo - Statistics

General Stats
  • This quiz has been taken 88 times
  • The average score is 13 of 16
Answer Stats
Picture Answer % Correct
California
94%
Michigan
86%
Wisconsin
86%
New Jersey
85%
Pennsylvania
85%
Illinois
84%
Texas
83%
Colorado
81%
Indiana
81%
Ohio
81%
Florida
78%
Maryland
76%
Washington
73%
Tennessee
71%
Oregon
69%
Missouri
65%
No matching quizzes found
Score Distribution
Percent of People with Each Score
Percentile by Number Answered
Your Score History
You have not taken this quiz